Nasliyāt-i Pākistān / (Record no. 524064)
[ view plain ]
| 000 -LEADER | |
|---|---|
| fixed length control field | 01226cam a2200373 a 4500 |
| 001 - CONTROL NUMBER | |
| control field | 14177865 |
| 003 - CONTROL NUMBER IDENTIFIER | |
| control field | NUST |
| 005 - DATE AND TIME OF LATEST TRANSACTION | |
| control field | 20190615073225.0 |
| 008 - FIXED-LENGTH DATA ELEMENTS--GENERAL INFORMATION | |
| fixed length control field | 031117s2003 pk b 000 0 urdo |
| 010 ## - LIBRARY OF CONGRESS CONTROL NUMBER | |
| LC control number | 2003344500 |
| 020 ## - INTERNATIONAL STANDARD BOOK NUMBER | |
| International Standard Book Number | 9694740991 |
| 025 ## - OVERSEAS ACQUISITION NUMBER | |
| Overseas acquisition number | P-U-2003344500; 11 |
| 035 ## - SYSTEM CONTROL NUMBER | |
| System control number | (DLC) 2003344500 |
| 038 ## - RECORD CONTENT LICENSOR | |
| Staff Name | waseem |
| 040 ## - CATALOGING SOURCE | |
| Original cataloging agency | DLC |
| Transcribing agency | DLC |
| 042 ## - AUTHENTICATION CODE | |
| Authentication code | lcode |
| 043 ## - GEOGRAPHIC AREA CODE | |
| Geographic area code | a-pk--- |
| 050 00 - LIBRARY OF CONGRESS CALL NUMBER | |
| Classification number | DS380.A1 |
| Item number | M29 2003 |
| 082 ## - DEWEY DECIMAL CLASSIFICATION NUMBER | |
| Classification number | 301.459 |
| Author Mark | MAL |
| 100 1# - MAIN ENTRY--PERSONAL NAME | |
| Personal name | Malik, Muẓaffar Ḥasan. |
| 9 (RLIN) | 14886 |
| 245 10 - TITLE STATEMENT | |
| Title | Nasliyāt-i Pākistān / |
| Statement of responsibility, etc. | Muẓaffar Ḥasan Malik. |
| 260 ## - PUBLICATION, DISTRIBUTION, ETC. | |
| Place of publication, distribution, etc. | Islāmābād : |
| Name of publisher, distributor, etc. | Muqtadirah-yi Qaumī Zabān, |
| Date of publication, distribution, etc. | 2003. |
| 300 ## - PHYSICAL DESCRIPTION | |
| Extent | 388 p. ; |
| Dimensions | 22 cm. |
| 490 1# - SERIES STATEMENT | |
| Series statement | Silsilah-yi mat̤būʻāt-i Muqtadirah ; |
| Volume/sequential designation | 408 |
| 504 ## - BIBLIOGRAPHY, ETC. NOTE | |
| Bibliography, etc. note | Includes bibliographical references. |
| 520 ## - SUMMARY, ETC. | |
| Summary, etc. | Historical and analytical study on various social and ethnic groups in Pakistan. |
| 546 ## - LANGUAGE NOTE | |
| Language note | In Urdu. |
| 650 #0 - SUBJECT ADDED ENTRY--TOPICAL TERM | |
| Topical term or geographic name entry element | Ethnology |
| Geographic subdivision | Pakistan. |
| 9 (RLIN) | 5375 |
| 650 #0 - SUBJECT ADDED ENTRY--TOPICAL TERM | |
| Topical term or geographic name entry element | Social classes |
| Geographic subdivision | Pakistan. |
| 9 (RLIN) | 14887 |
| 830 #0 - SERIES ADDED ENTRY--UNIFORM TITLE | |
| Uniform title | Silsilah-yi mat̤būʻāt-i Muqtadirah-yi Qaumī Zabān ; |
| Volume/sequential designation | 408. |
| 9 (RLIN) | 14888 |
| 906 ## - LOCAL DATA ELEMENT F, LDF (RLIN) | |
| a | 7 |
| b | cbc |
| c | origode |
| d | 3 |
| e | ncip |
| f | 20 |
| g | y-gencatlg |
| 942 ## - ADDED ENTRY ELEMENTS (KOHA) | |
| Source of classification or shelving scheme | |
| Koha item type | Book |
| Withdrawn status | Lost status | Source of classification or shelving scheme | Damaged status | Not for loan | Permanent Location | Current Location | Shelving location | Date acquired | Total Checkouts | Full call number | Barcode | Date last seen | Price effective from | Koha item type |
|---|---|---|---|---|---|---|---|---|---|---|---|---|---|---|
| Central Library (CL) | Central Library (CL) | Punjabi Literature | 06/15/2019 | 301.459 MAL | CL-E-1687 | 06/15/2019 | 06/15/2019 | Book |
